Ľadový medvedík (Record no. 21687)
[ view plain ]
| 000 -LEADER | |
|---|---|
| fixed length control field | 02067cam a2200517 a 4500 |
| 001 - CONTROL NUMBER | |
| control field | 21687 |
| 003 - CONTROL NUMBER IDENTIFIER | |
| control field | VRT |
| 005 - DATE AND TIME OF LATEST TRANSACTION | |
| control field | 20260309092155.0 |
| 006 - FIXED-LENGTH DATA ELEMENTS--ADDITIONAL MATERIAL CHARACTERISTICS | |
| fixed length control field | g b s vl |
| 008 - FIXED-LENGTH DATA ELEMENTS--GENERAL INFORMATION | |
| fixed length control field | 240314s2009 xo a b 000 j slo |
| 015 ## - NATIONAL BIBLIOGRAPHY NUMBER | |
| National bibliography number | SNBA2009/09-04729 |
| 020 ## - INTERNATIONAL STANDARD BOOK NUMBER | |
| International Standard Book Number | 9788055119656 |
| Qualifying information | (viaz.) |
| Canceled/invalid ISBN | 978805519656 |
| 035 ## - SYSTEM CONTROL NUMBER | |
| System control number | 70ADBC1A-E431-456D-BC04-8B0A3E16EBE5 |
| 035 ## - SYSTEM CONTROL NUMBER | |
| System control number | urn:nbn:sk:snk-amjvzh |
| 035 ## - SYSTEM CONTROL NUMBER | |
| System control number | urn:nbn:sk:snk-am007xof |
| 039 #9 - LEVEL OF BIBLIOGRAPHIC CONTROL AND CODING DETAIL [OBSOLETE] | |
| Level of rules in bibliographic description | 202403140831 |
| Level of effort used to assign nonsubject heading access points | VLOAD |
| Level of effort used to assign subject headings | 201511121648 |
| Level of effort used to assign classification | VLOAD |
| Level of effort used to assign subject headings | 201507071559 |
| Level of effort used to assign classification | VLOAD |
| Level of effort used to assign subject headings | 201507071559 |
| Level of effort used to assign classification | VLOAD |
| 040 ## - CATALOGING SOURCE | |
| Original cataloging agency | POKPOH |
| Language of cataloging | slo |
| Transcribing agency | POKPOH |
| Modifying agency | SNK |
| Description conventions | AACR2 |
| 041 1# - LANGUAGE CODE | |
| Language code of text/sound track or separate title | slo |
| Language code of original | eng |
| -- | cze |
| 044 ## - COUNTRY OF PUBLISHING/PRODUCING ENTITY CODE | |
| MARC country code | xo |
| ISO country code | SK |
| 072 #7 - SUBJECT CATEGORY CODE | |
| Subject category code | 821-93 |
| Subject category code subdivision | Literatúra pre deti a mládež |
| Source | konspekt |
| 080 ## - UNIVERSAL DECIMAL CLASSIFICATION NUMBER | |
| Universal Decimal Classification number | 821-93 |
| Edition identifier | 2001 |
| 080 ## - UNIVERSAL DECIMAL CLASSIFICATION NUMBER | |
| Universal Decimal Classification number | (0:82-32) |
| Edition identifier | 2001 |
| 100 1# - MAIN ENTRY--PERSONAL NAME | |
| Personal name | Březinová, Ivona, |
| Dates associated with a name | 1964- |
| Relationship | aut |
| 245 10 - TITLE STATEMENT | |
| Title | Ľadový medvedík |
| Statement of responsibility, etc. | [podľa anglickej predlohy] prerozprávala Ivona Březinová ; [text Kathleen Duey ; ilustrácie Lara Gurin ; z češtiny preložil Peter Mitter] |
| 250 ## - EDITION STATEMENT | |
| Edition statement | [1. vyd.] |
| 260 ## - PUBLICATION, DISTRIBUTION, ETC. | |
| Place of publication, distribution, etc. | Bratislava |
| Name of publisher, distributor, etc. | Ikar |
| Date of publication, distribution, etc. | 2009 |
| 300 ## - PHYSICAL DESCRIPTION | |
| Extent | 31 s. |
| Other physical details | fareb. ilustr. |
| Dimensions | 25 cm |
| Accompanying material | 1 DVD |
| 490 1# - SERIES STATEMENT | |
| Series statement | Ja a moja rodina |
| 655 #7 - INDEX TERM--GENRE/FORM | |
| Genre/form data or focus term | publikácie pre deti |
| Source of term | SNKPH |
| 655 #7 - INDEX TERM--GENRE/FORM | |
| Genre/form data or focus term | príbehy |
| Source of term | SNKPH |
| 655 #7 - INDEX TERM--GENRE/FORM | |
| Genre/form data or focus term | Children's literature |
| Source of term | SNKPHeng |
| 655 #7 - INDEX TERM--GENRE/FORM | |
| Genre/form data or focus term | Stories |
| Source of term | SNKPHeng |
| 700 1# - ADDED ENTRY--PERSONAL NAME | |
| Personal name | Duey, Kathleen |
| Relationship | aut |
| 700 1# - ADDED ENTRY--PERSONAL NAME | |
| Personal name | Gurin, Lara |
| Relationship | ill |
| 700 1# - ADDED ENTRY--PERSONAL NAME | |
| Personal name | Mitter, Peter |
| Relationship | trl |
| 830 #0 - SERIES ADDED ENTRY--UNIFORM TITLE | |
| Uniform title | Ja a moja rodina |
| 942 ## - ADDED ENTRY ELEMENTS (KOHA) | |
| Source of classification or shelving scheme | Dewey Decimal Classification |
| Koha item type | Krásna literatúra pre deti |
| Suppress in OPAC | No |
| 949 ## - LOCAL PROCESSING INFORMATION (OCLC) | |
| 6 | 17A0627127 |
| a | snkSB 78074 |
| b | snk2009/13608 |
| o | 929/09 |
| q | Príloha: 1 DVD |
| r | Príloha: 1 DVD |
| s | 6100:20140925 |
| 949 ## - LOCAL PROCESSING INFORMATION (OCLC) | |
| 6 | 17A0627122 |
| a | snkSB 78074 D1 |
| b | snk2009/13609 |
| o | 929/09 |
| q | Príloha: 1 DVD |
| r | Príloha: 1 DVD |
| 949 ## - LOCAL PROCESSING INFORMATION (OCLC) | |
| 6 | 17A0627128 |
| a | snkSB 78074/príl. |
| b | snk2009/13608 |
| p | Príloha |
| q | Príloha: 1 DVD |
| r | Príloha: 1 DVD |
| 949 ## - LOCAL PROCESSING INFORMATION (OCLC) | |
| 6 | 17A0627123 |
| a | snkSB 78074/príl. D1 |
| b | snk2009/13609 |
| p | Príloha |
| q | Príloha: 1 DVD |
| r | Príloha: 1 DVD |
| 949 ## - LOCAL PROCESSING INFORMATION (OCLC) | |
| 6 | 273K0506231 |
| a | svkpoC 49638 |
| b | svkpo515576 |
| q | Príl.: 1 DVD |
| r | Príl.: 1 DVD |
| 949 ## - LOCAL PROCESSING INFORMATION (OCLC) | |
| 6 | 3869A19174 |
| a | bpksh821-93 |
| b | bpksh57760 |
| 980 ## - EQUIVALENCE OR CROSS-REFERENCE-SERIES STATEMENT--PERSONAL NAME/TITLE [LOCAL, CANADA] | |
| Personal name | 821.162.4-34 |
| 980 ## - EQUIVALENCE OR CROSS-REFERENCE-SERIES STATEMENT--PERSONAL NAME/TITLE [LOCAL, CANADA] | |
| Personal name | 821-93 |
| Stav vyradenia | Strata | Poškodenie | Spôsob nadobudnutia | Domovská knižnica | Aktuálna knižnica | Dátum nadobudnutia | Total checkouts | Čiarový kód exemplára | Date last seen | Typ exemplára |
|---|---|---|---|---|---|---|---|---|---|---|
| Dar | Obecná knižnica Turčianska Štiavnička | Obecná knižnica Turčianska Štiavnička | 09.03.2026 | 4738000275 | 09.03.2026 | Krásna literatúra pre deti |
